coutries that borger the Indian ocean - Statistics

General Stats
  • This quiz has been taken 15 times
  • The average score is 18 of 20
Answer Stats
Picture Answer % Correct
yemen
100%
bangladesh
92%
india
92%
indonesia
92%
kenya
92%
madagascar
92%
mozambique
92%
myanmar
92%
pakistan
92%
somalia
92%
south africa
92%
sri lanka
92%
australia
85%
comoros
85%
eritrea
85%
malaysia
85%
mauritius
85%
seychelles
85%
thailand
85%
east timor
77%
No matching quizzes found
Score Distribution
Percent of People with Each Score
Percentile by Number Answered
Your Score History
You have not taken this quiz